Responses for Show #6210 - Friday, September 23, 2011

Justin Sausville game 7.

Contestants

[<< previous game]

Jessica Burr, a book editor from Bloomfield, New Jersey

Amit Kurlekar, an attorney from Oakland, California

Justin Sausville, a urologist from Baltimore, Maryland (whose 6-day cash winnings total $134,000)

[next game >>]

Jeopardy! Round responses

INAUGURAL ADDRESSES
THERE SHOULD BE PLAYOFFS!
WINE A LITTLE
MISSOURI LOVES COMPANY
I'M ABSOLUTELY SURE
SOUNDS KINDA "IFF"-Y
    $200 6
Clinton

Amit
    $200 16
Notre Dame

Amit
    $200 1
Burgundy

Jessica
    $200 21
(Scott) Joplin

Jessica
    $200 26
an aardvark

Amit
    $200 11
the sheriff

Justin
    $400 7
(Thomas) Jefferson

Jessica
    $400 17
University of Michigan

Amit
    $400 2
nose

Amit
    $400 22
(Amit: Who is Truman?)

(Winston) Churchill

AmitJessica
    $400 27
10,560

Amit
    $400 12
a midriff

Jessica
    $600 8
(Amit: Who is Polk?)

William Henry Harrison

JustinAmit
    $600 18
Alabama

Jessica
    $600 3
dessert

Amit
    $600 23
Branson

Amit
    $600 28
the Masons

Amit
    $600 13
a tiff

Justin
    $800 9
JFK

Jessica
    $800 19
BYU (Brigham Young)

Amit
    $800 4
brut

Justin
    $800 24
St. Joseph

Triple Stumper
    $800 29
Jupiter

Jessica
    $800 14
a skiff

Amit
    $1,000 10
(Alex: Yes, his second inaugural.)

Ronald Reagan

Jessica
    $1000 20
TCU (Texas Christian University)

Amit
    $1000 5
spumante

Jessica
    $1000 25
(George Washington) Carver

Jessica
    $1000 30
Argentina

Amit
    $1000 15
(Jessica: What's a tariff?)
(Justin: What's a... shoot, um...)
...
{Alex: Jessica, you were so close, but it's [*], in the plural. We were dealing with GATT, so we needed [*].)

tariffs

JustinJessica
Triple Stumper

Scores at the first commercial break (after clue 15):

Justin Amit Jessica
$1,200 $1,400 $2,800

Scores at the end of the Jeopardy! Round:

Justin Amit Jessica
$1,200 $6,200 $5,800

Double Jeopardy! Round responses

MEDICAL MILESTONES
DESCRIBING THE OSCAR-WINNING FILM
CHARACTERS IN AMERICAN BOOKS
REINVENTING THE WHEEL
PAINT IN OILS
ANIMAL ADJECTIVES
    $400 1
a lung

Justin
    $400 21
West Side Story

Jessica
    $400 6
Holden Caulfield

Jessica
    $400 16
a tricycle

Justin
    $400 27
(Justin: What's a knife?)

fingers

JustinAmit
    $400 11
bearlike

Justin
    $800 2
(Louis) Pasteur

Jessica
    $800 22
Gladiator

Justin
    $800 7
Little Eva

Jessica
    $800 17
guns

Jessica
    $800 26
(Justin: What is a landscape?)
...
(Alex: What is [*]--marine painting.)

a seascape

Justin
Triple Stumper
    $800 12
(Alex: We just need the animal. You don't have to--uh--we'll give you the adjective.)

bull-like

Jessica
    $2,000 3
(Alex: [*]--yes. Any woman who's had a child knows about that.)

(Virginia) Apgar

Jessica
    $1200 28
Rain Man

Amit
    $1200 8
Boo Radley

Justin
    $1200 18
(Amit: What's an ambulance?)
...
(Alex: Motorize [*]--makes sense.)

the wheelchair

Amit
Triple Stumper
    $1200 25
turpentine

Justin
    $1200 13
(Justin: Um... what is sheeplike?)

a dove

JustinJessica
    $1600 4
AZT

Justin
    $1600 29
Hurt Locker

Amit
    $3,600 9
(Justin: Who is Orson Scott Card?)

Kurt Vonnegut

Justin
    $1600 19
a potter

Amit
    $1600 24
glazing

Justin
    $1600 14
deer

Justin
    $2000 5
Gardasil

Justin
    $2000 30
Crash

Amit
    $2000 10
(Alex: And that woman is [*], played by Ava Gardner in the film.)

Lady Brett Ashley

Triple Stumper
    $2000 20
(Justin: What is the rudder?)
...
(Alex: We're going for [*]--[*]--the rudder is way down there.)

the helm

Justin
Triple Stumper
    $2000 23
scratching

Justin
    $2000 15
a mouse

Justin

Scores at the end of the Double Jeopardy! Round:

Justin Amit Jessica
$8,400 $11,800 $13,000

[wagering suggestions for these scores]

Final Jeopardy! Round responses

AMERICAN BUSINESS
(Alex: [Revealing Amit's response] The product was the [*]'s milk chocolate bar. You are right.)
...
(Alex: [Revealing Jessica's response] All good products, by the way, but incorrect in your case.)
JustinWho is Mars? Russel Stover
$4,601
AmitWho was Hershey?
$5,001
JessicaWho is Werther?
$10,601
Hershey

Final scores:

Justin Amit Jessica
$3,799 $16,801 $2,399
2nd place: $2,000 New champion: $16,801 3rd place: $1,000

Game dynamics:

Coryat scores:

Justin Amit Jessica
$12,000 $11,800 $12,200
16 R,
6 W
(including 1 DD)
18 R,
3 W
19 R
(including 2 DDs),
1 W

Combined Coryat: $36,000

[game clues] [game scores] [suggest correction]

Game tape date: 2011-08-02
The J! Archive is created by fans, for fans. Scraping, republication, monetization, and malicious use prohibited; this site may use cookies and collect identifying information. See terms. The Jeopardy! game show and all elements thereof, including but not limited to copyright and trademark thereto, are the property of Jeopardy Productions, Inc. and are protected under law. This website is not affiliated with, sponsored by, or operated by Jeopardy Productions, Inc. Join the discussion at JBoard.tv.